000
00263nam a2200097 a 4500
005
20201002033814.0
008
130729s1967 000 spa d
245
0
_a
Legislación atinente a menores en las Américas.
260
_a
Montevideo,
_c
1967.
999
_c
39403
_d
39403
040
_a
DO-SdBNP